Lego MCU Spider-Man Characters - Statistics

General Stats
  • This quiz has been taken 67 times
    39 since last reset
  • The average score is 17 of 21
Answer Stats
Picture Answer % Correct
Doctor Strange
100%
The Amazing Spider-Man
100%
Doctor Octopus
96%
Friendly Neighborhood Spider-Man
96%
Green Goblin
96%
Iron Man
93%
Nick Fury (Talos)
93%
Spider-Man
93%
Electro
89%
Sandman
89%
Mysterio
85%
Ned Leeds
85%
Lizard
81%
Vulture
81%
Hydro-Man
74%
Michelle Jones
74%
The Shocker
67%
Happy Hogan
56%
Maria Hill (Soren)
52%
Molten Man
48%
Wong
48%
No matching quizzes found
Score Distribution
Percent of People with Each Score
Percentile by Number Answered
Your Score History
You have not taken this quiz since the last reset